Losowo Wybrane Stolice Przeze mnie - Statystyki

Ogólne statystyki
  • Ten quiz został rozwiązany 52 razy
  • Średni wynik to 10 z 15
Statystyki odpowiedzi
Trudność Państwo Stolica % Poprawnych
Łatwy Niemcy Berlin
100%
Łatwy Rosja Moskwa
100%
Łatwy Grecja Ateny
98%
Średni Estonia Tallinn
88%
Średni Korea Północna Pjongjang
72%
Bardzo Trudny Maroko Rabat
70%
Średni Kuba Hawana
65%
Średni Tajwan Tajpej
60%
Bardzo Trudny Nowa Zelandia Wellington
60%
Trudny Syria Damaszek
56%
Trudny Kenia Nairobi
51%
Średni Bangladesz Dhaka
42%
Trudny Czad Ndżamena
35%
Trudny Somalia Mogadiszu
30%
Bardzo Trudny Niger Niamey
30%
Nie znaleziono quizów pasujących do podanych kryteriów
Rozkład punktacji
Procent ludzi z każdym wynikiem
Percentyl według liczby udzielonych odpowiedzi
Twoja historia wyników
Nie rozwiązałeś tego quizu